[Event "IECG TE.2004.P.01409 email"]
[Site "IECG email"]
[Date "2004.03.17"]
[Round "?"]
[White "Eacker, Barry"]
[Black "Prestele, Anton"]
[Result "1-0"]
[WhiteElo "1516"]
[BlackElo "1818"]
[PlyCount "63"]
[EventDate "2004.03.17"]
[EventType "tourn (corr)"]
[EventRounds "12"]
[SourceTitle "Corr 2024"]
[Source "ChessBase"]
[SourceDate "2023.10.19"]
[SourceVersion "1"]
[SourceVersionDate "2023.10.19"]
[SourceQuality "1"]

1. d4 Nf6 2. c4 e6 3. Nc3 Bb4 4. f3 d5 5. a3 Bxc3+ 6. bxc3 0-0 7. cxd5 exd5 8. e3 b6 9. Bd3 Ba6 10. Ne2 Bxd3 11. Qxd3 Nbd7 12. 0-0 c5 13. Ng3 Re8 14. Ra2 Re6 15. Rd1 Qe8 16. a4 Rc8 17. a5 c4 18. Qb1 Rb8 19. axb6 Rbxb6 20. Qc2 a6 21. Re1 Qb8 22. e4 Rb1 23. e5 Ne8 24. Nf5 Qb3 25. Qd2 Nc7 26. Rb2 Rxb2 27. Bxb2 Nb6 28. Rb1 Na4 29. Qg5 g6 30. Nh6+ Kf8 31. Qc1 Ke8 32. Ba1 1-0

[Event "IECC TH-M email"]
[Site "IECC email"]
[Date "2003.05.17"]
[Round "?"]
[White "Jensen, Jeff"]
[Black "Prestele, Anton"]
[Result "0-1"]
[WhiteElo "1572"]
[BlackElo "1608"]
[PlyCount "86"]
[EventDate "2003.??.??"]
[EventType "match (corr)"]
[EventRounds "2"]
[SourceTitle "Corr 2008"]
[Source "ChessBase"]
[SourceDate "2008.06.24"]
[SourceVersion "1"]
[SourceVersionDate "2008.06.24"]
[SourceQuality "1"]

1. d4 d5 2. c4 c6 3. Nc3 Nf6 4. Bg5 e6 5. e3 Nbd7 6. Nf3 Qa5 7. cxd5 Nxd5 8. Qd2 N7b6 9. Rc1 f6 10. Nxd5 Qxd5 11. Bf4 Qxa2 12. Be2 Qb3 13. Bd1 Qb4 14. 0-0 Qxd2 15. Nxd2 Bb4 16. Ne4 Ke7 17. Be2 Nd5 18. Bg3 g5 19. Rfd1 a5 20. h4 gxh4 21. Bxh4 Rg8 22. Bf3 a4 23. Rc4 a3 24. Nxf6 Nxf6 25. Rxb4 a2 26. Ra1 Kf7 27. Bxf6 Kxf6 28. Bd1 e5 29. Bb3 Be6 30. dxe5+ Kxe5 31. Bxe6 Kxe6 32. Rxb7 Rg5 33. Rc7 Kd6 34. Rxh7 Rb5 35. Rd1+ Ke6 36. Rh6+ Kf5 37. g4+ Kxg4 38. Ra1 Rxb2 39. Kg2 Rf8 40. Rg6+ Kh5 41. Rxc6 Rbxf2+ 42. Kg1 Rf1+ 43. Rxf1 Rxf1+ 0-1

[Event "IECC TH-M email"]
[Site "IECC email"]
[Date "2003.05.17"]
[Round "?"]
[White "Prestele, Anton"]
[Black "Jensen, Jeff"]
[Result "1-0"]
[WhiteElo "1565"]
[BlackElo "1567"]
[PlyCount "91"]
[EventDate "2003.??.??"]
[EventType "match (corr)"]
[EventRounds "2"]
[SourceTitle "Corr 2008"]
[Source "ChessBase"]
[SourceDate "2008.06.24"]
[SourceVersion "1"]
[SourceVersionDate "2008.06.24"]
[SourceQuality "1"]

1. d4 d5 2. c4 c6 3. Nf3 Nf6 4. Nc3 Bg4 5. Ne5 Bf5 6. cxd5 cxd5 7. e4 Nxe4 8. Nxe4 dxe4 9. Qb3 Be6 10. Qxb7 Nd7 11. Bf4 Rb8 12. Qxa7 Nxe5 13. dxe5 Rxb2 14. Rd1 Qc8 15. Qd4 Rb8 16. Qa4+ Bd7 17. Rxd7 Qxd7 18. Qxd7+ Kxd7 19. e6+ Kxe6 20. Bc4+ Kf6 21. Bxb8 e6 22. Ke2 Ba3 23. Ba7 Rc8 24. Bb3 Ke7 25. Be3 h6 26. h4 Kf6 27. Rd1 Ke7 28. Rd4 f5 29. Ra4 Bd6 30. Ra7+ Kf6 31. Bd4+ e5 32. Rf7+ Kg6 33. h5+ Kh7 34. Bb2 f4 35. Rd7 Bb8 36. a4 Rc5 37. Bf7 Rc2+ 38. Kf1 Rc8 39. Bg6+ Kg8 40. Bxe4 Kf8 41. Ba3+ Kg8 42. a5 Rc3 43. Bd5+ Kh7 44. Rd8 g5 45. Rd7+ Kh8 46. Be7 1-0

[Event "IECC TH-M email"]
[Site "IECC email"]
[Date "2003.03.03"]
[Round "?"]
[White "Prestele, Anton"]
[Black "Johnson, Bernard S"]
[Result "1-0"]
[WhiteElo "1517"]
[BlackElo "1520"]
[PlyCount "71"]
[EventDate "2003.??.??"]
[EventType "match (corr)"]
[EventRounds "2"]
[SourceTitle "Corr 2008"]
[Source "ChessBase"]
[SourceDate "2008.06.24"]
[SourceVersion "1"]
[SourceVersionDate "2008.06.24"]
[SourceQuality "1"]

1. d4 d5 2. e4 dxe4 3. Nc3 Nf6 4. f3 Bf5 5. g4 Bg6 6. g5 Nd5 7. Nxe4 e6 8. h4 Be7 9. c4 Nb4 10. Be3 0-0 11. a3 N4c6 12. d5 exd5 13. cxd5 Ne5 14. Qd4 f6 15. 0-0-0 Nbd7 16. gxf6 Bxf6 17. Bh3 Qe7 18. Be6+ Nf7 19. Nxf6+ Nxf6 20. Qc3 Kh8 21. Ne2 Nd6 22. Nf4 Bf5 23. h5 Bxe6 24. dxe6 Kg8 25. Rhg1 b6 26. h6 g6 27. Nxg6 hxg6 28. Rxg6+ Kh8 29. Rdg1 c5 30. Bg5 Nde8 31. Qe5 Rd8 32. h7 Rd5 33. Rg8+ Kxh7 34. Qh2+ Kxg8 35. Bxf6+ Ng7 36. Bxe7 1-0

[Event "IECC M email"]
[Site "IECC email"]
[Date "2003.02.13"]
[Round "?"]
[White "Prestele, Anton"]
[Black "Jordaan, Wayne"]
[Result "1-0"]
[WhiteElo "1553"]
[BlackElo "1475"]
[PlyCount "150"]
[EventDate "2003.??.??"]
[EventType "tourn (corr)"]
[EventRounds "6"]
[SourceTitle "Corr 2008"]
[Source "ChessBase"]
[SourceDate "2008.06.24"]
[SourceVersion "1"]
[SourceVersionDate "2008.06.24"]
[SourceQuality "1"]

1. d4 Nf6 2. Nc3 g6 3. e4 d6 4. Bc4 Nxe4 5. Bxf7+ Kxf7 6. Nxe4 Bg7 7. Nf3 Rf8 8. Qe2 Kg8 9. Neg5 Qd7 10. 0-0 h6 11. Ne4 b6 12. Rd1 Ba6 13. Qe3 e6 14. Bd2 Nc6 15. a4 g5 16. h3 Rf4 17. c3 Bc4 18. Ng3 Raf8 19. Nh5 Bh8 20. Nxf4 gxf4 21. Qe4 Bd5 22. Qg6+ Bg7 23. Qg4 Qf7 24. a5 h5 25. Qg5 Nxa5 26. b4 Nc6 27. Kh2 a5 28. b5 Na7 29. Rdb1 Bc4 30. Ra4 Bd3 31. Re1 Nxb5 32. c4 Na7 33. Bc3 Qe8 34. d5 e5 35. Nxe5 dxe5 36. Bxe5 Qg6 37. Qxg6 Bxg6 38. Bxc7 Nc8 39. Ra3 Kh7 40. Rf3 Rf7 41. Bb8 a4 42. Re2 Bh6 43. Ra2 Be4 44. Rc3 Rb7 45. Be5 Ra7 46. Rca3 Bb1 47. Rd2 f3 48. Rd4 fxg2 49. d6 Rd7 50. Rxa4 Bg7 51. f4 Bf5 52. Kxg2 Bf8 53. Ra2 Rxd6 54. Bxd6 Bxd6 55. Kg3 Bc5 56. Rd5 Nd6 57. Kh2 Bg6 58. Ra7+ Kh6 59. Rc7 Be3 60. Kg3 Nf5+ 61. Kf3 Bc5 62. Ke4 Nd6+ 63. Ke5 Nxc4+ 64. Ke6 Ne3 65. Rd8 Be4 66. Ke5 Bg2 67. Rh8+ Kg6 68. Rg8+ Kh6 69. f5 Nxf5 70. Kxf5 Bxh3+ 71. Kf6 Bd4+ 72. Kf7 Kh7 73. Kf8+ Kh6 74. Rc6+ Kh7 75. Rgg6 Be3 1-0

[Event "IECG RI.2003.0.00001 email"]
[Site "IECG email"]
[Date "2003.01.13"]
[Round "?"]
[White "Van Rooijen, Peter"]
[Black "Prestele, Anton"]
[Result "1-0"]
[WhiteElo "1703"]
[BlackElo "1850"]
[PlyCount "111"]
[EventDate "2003.01.13"]
[EventType "tourn (corr)"]
[EventRounds "6"]
[SourceTitle "Corr 2008"]
[Source "ChessBase"]
[SourceDate "2008.06.24"]
[SourceVersion "1"]
[SourceVersionDate "2008.06.24"]
[SourceQuality "1"]

1. b4 e5 2. b5 a6 3. c4 axb5 4. cxb5 d5 5. Bb2 e4 6. Nc3 Nf6 7. e3 Bd6 8. Nge2 c6 9. d3 exd3 10. Qxd3 0-0 11. Ng3 Ba3 12. Bxa3 Rxa3 13. Qd2 c5 14. Rd1 d4 15. Nb1 Ra4 16. Be2 Be6 17. a3 Re8 18. 0-0 Bb3 19. Rc1 Nbd7 20. Bd1 dxe3 21. fxe3 Bxd1 22. Rfxd1 b6 23. Rc3 Qc7 24. Rd3 Ne5 25. Rd8 Ra8 26. Rxe8+ Rxe8 27. e4 Qa7 28. Qc1 c4 29. Qb2 Nd3 30. Qd4 Qc7 31. Nc3 Qe5 32. Qxe5 Nxe5 33. Nf5 Kf8 34. Ne3 h5 35. Rd6 Rb8 36. Ned5 Nxd5 37. Nxd5 g6 38. a4 Rc8 39. Nc3 Rb8 40. Kf2 Ke7 41. Rxb6 Rxb6 42. Nd5+ Kd6 43. Nxb6 f5 44. Nd5 Kc5 45. Ke3 Ng4+ 46. Kf4 fxe4 47. b6 e3 48. Nxe3 Nf6 49. b7 Nd7 50. Nxc4 Kxc4 51. Kg5 Kb4 52. h4 Ka5 53. Kxg6 Kb6 54. Kxh5 Kxb7 55. Kg6 Kc6 56. h5 1-0

[Event "IECG RI.2003.0.00001 email"]
[Site "IECG email"]
[Date "2003.01.13"]
[Round "?"]
[White "Zhelezny, Andrey"]
[Black "Prestele, Anton"]
[Result "1/2-1/2"]
[WhiteElo "1625"]
[BlackElo "1850"]
[PlyCount "59"]
[EventDate "2003.01.13"]
[EventType "tourn (corr)"]
[EventRounds "6"]
[SourceTitle "Corr 2008"]
[Source "ChessBase"]
[SourceDate "2008.06.24"]
[SourceVersion "1"]
[SourceVersionDate "2008.06.24"]
[SourceQuality "1"]

1. e4 Nf6 2. Nc3 d5 3. e5 Nfd7 4. d4 e6 5. Nf3 c5 6. Bb5 a6 7. Bxd7+ Bxd7 8. Be3 Nc6 9. dxc5 Qc7 10. Qd2 Nxe5 11. Nxe5 Qxe5 12. 0-0 Be7 13. Bd4 Qf5 14. Rae1 f6 15. f4 h5 16. Nd1 Kf7 17. Ne3 Qh7 18. f5 Rhd8 19. Qa5 e5 20. Nxd5 Bc6 21. c4 Bxd5 22. cxd5 Rxd5 23. Be3 Qg8 24. Qb4 Qc8 25. Qc4 Qc6 26. Rc1 Rad8 27. a3 Qb5 28. Qxb5 axb5 29. Kf2 e4 30. Ke2 1/2-1/2

[Event "IECG CB.2003.0.00066 email"]
[Site "IECG email"]
[Date "2003.01.07"]
[Round "1"]
[White "Thorwesten, Andreas"]
[Black "Prestele, Anton"]
[Result "1-0"]
[WhiteElo "1800"]
[BlackElo "1850"]
[PlyCount "53"]
[EventDate "2003.01.07"]
[EventType "tourn (corr)"]
[EventRounds "6"]
[SourceTitle "Corr 2008"]
[Source "ChessBase"]
[SourceDate "2008.06.24"]
[SourceVersion "1"]
[SourceVersionDate "2008.06.24"]
[SourceQuality "1"]

1. e4 Nf6 2. e5 Nd5 3. d4 e6 4. Nf3 d6 5. c4 Nb4 6. exd6 Bxd6 7. a3 N4c6 8. Be2 b6 9. 0-0 0-0 10. Nc3 Nd7 11. Bg5 Nf6 12. Nb5 h6 13. Be3 Bb7 14. Rc1 a6 15. Nxd6 Qxd6 16. h3 Rfd8 17. Re1 Ne7 18. c5 bxc5 19. dxc5 Qc6 20. Qc2 Nf5 21. Bf1 Rab8 22. Ne5 Qe4 23. Qxe4 Bxe4 24. Bf4 Nd4 25. Ng4 Nd5 26. Rxe4 Rb3 27. Rxd4 1-0

[Event "IECG CB.2002.0.00062 email"]
[Site "IECG email"]
[Date "2002.11.21"]
[Round "?"]
[White "Hun Pin, Ooi"]
[Black "Prestele, Anton"]
[Result "1/2-1/2"]
[WhiteElo "1980"]
[BlackElo "1850"]
[PlyCount "28"]
[EventDate "2002.07.22"]
[EventType "tourn (corr)"]
[EventRounds "6"]
[SourceTitle "Corr 2008"]
[Source "ChessBase"]
[SourceDate "2008.06.24"]
[SourceVersion "1"]
[SourceVersionDate "2008.06.24"]
[SourceQuality "1"]

1. e4 e5 2. Nf3 Nf6 3. d4 exd4 4. e5 Ne4 5. Qxd4 d5 6. exd6 Nxd6 7. Bd3 Nc6 8. Qf4 g6 9. 0-0 Bg7 10. Re1+ Be6 11. Ng5 0-0 12. Nxe6 fxe6 13. Qg3 Bd4 14. Re2 Nf5 1/2-1/2

[Event "IECG TG.2002.0.14712"]
[Site "IECG email"]
[Date "2002.??.??"]
[Round "1"]
[White "Prestele, Anton"]
[Black "David, Pierre Yves"]
[Result "1/2-1/2"]
[WhiteElo "1850"]
[BlackElo "1840"]
[PlyCount "49"]
[EventDate "2002.??.??"]
[EventType "match (corr)"]
[EventRounds "2"]
[SourceTitle "Corr 2008"]
[Source "ChessBase"]
[SourceDate "2008.06.24"]
[SourceVersion "1"]
[SourceVersionDate "2008.06.24"]
[SourceQuality "1"]

1. e4 d5 2. exd5 Nf6 3. d4 Bg4 4. Nf3 Qxd5 5. Nc3 Qh5 6. Be2 Nc6 7. h3 0-0-0 8. Rg1 Nxd4 9. Nxd4 Bxe2 10. Qxe2 Rxd4 11. Qxh5 Nxh5 12. Be3 Rd7 13. g4 Nf6 14. Ke2 e6 15. g5 Nd5 16. Nxd5 Rxd5 17. c4 Re5 18. Rad1 Bc5 19. h4 Rd8 20. Rxd8+ Kxd8 21. b3 Bxe3 22. fxe3 Ke7 23. Rg4 a5 24. Kd3 Rc5 25. e4 1/2-1/2